000 02327cam a2200349 a 4500
001 16989416
003 OSt
005 20230227121914.0
008 111003s2012 paua b 001 0 eng
010 _a 2011041430
020 _a9781609137830 (pbk)
035 _a(DNLM)101570498
040 _cLC
042 _apcc
050 0 0 _aRT89.M38
100 1 _aMarquis, Bessie L.
_9886
245 1 0 _aLeadership and management tools for the new nurse: a case study approach. /
_cBessie L. Marquis, Carol J. Huston.
260 _aPhiladelphia:
_bWolters Kluwer Health/Lippincott Williams & Wilkins,
_c2012.
300 _avi, 466 p. :
_bill. (some col.) ;
_c23 cm.
500 _aAdaptation of: Leadership roles and management functions in nursing. 7th ed. c2012.
504 _aIncludes bibliographical references and index.
505 0 _aContents: The essential tools of effective leadership and management: Understanding the characteristics of leadership and management -- Effective leadership and management decision making -- Ethical components of leadership and management -- Legal issues and patient's rights issues impacting leading and managing -- Planning tools for the new nurse: The planning process -- Becoming a successful change agent -- Budgetary planning -- Organizing tools for the new nurse: How organizations work -- Organizing patient care -- The impact of power, politics and collective bargaining on organizational climate -- Staffing tools for the new nurse: Making the most of interviews -- Developing self and others -- Effective staffing and scheduling -- Directing tools for the new nurse: Motivation -- Managing time wisely -- Delegation and supervision -- The importance of good communication -- Managing conflict -- Controlling tools for the new nurse: The quality control process -- The performance appraisal -- Discipline and coaching techniques --
650 1 2 _aLeadership.
_938
650 1 2 _aNursing, Supervisory.
_9239
650 2 2 _aNurse Administrators.
_9237
650 2 2 _aNursing
_xorganization & administration.
_9887
700 1 _aHuston, Carol J.
_9888
730 0 _aLeadership roles and management functions in nursing.
_9889
906 _a7
_bcbc
_corignew
_d1
_eecip
_f20
_gy-gencatlg
942 _2lcc
_cBK
999 _c9372
_d16872